| 000 | 00973cam a22003137a 4500 | ||
|---|---|---|---|
| 003 | CHAP | ||
| 005 | 20220817041647.0 | ||
| 008 | 971013s1976 r 00010 d | ||
| 010 | _a20950 | ||
| 011 | _a21922 | ||
| 035 | _a26013 | ||
| 040 | _cCHAP | ||
| 082 |
_a080 _bS4 v.307 |
||
| 100 | 0 | 0 |
_aDooley, Francis Patrick. _933982 |
| 245 | 1 | 4 | _aLos cristeros, Calles y el catolicismo mexicano |
| 260 |
_aMéxico, D.F. : _bSecretaría de Educación Pública, _c1976 |
||
| 300 | _a214 p. | ||
| 490 | 0 |
_aSEP. Setentas _v; 307 |
|
| 590 |
_aBATCH-UPD _b10 _c20130110 _lUCH01 _h1823 |
||
| 590 |
_aBATCH-UPD _b10 _c20130410 _lUCH01 _h1156 |
||
| 590 |
_aBATCH-UPD _b10 _c20130914 _lUCH01 _h1629 |
||
| 590 |
_aCONVERSION _b10 _c20130109 _lUCH01 _h1312 |
||
| 650 | 1 | 4 |
_aIglesia y Estado. _957339 |
| 700 | 0 |
_aCalles, Plutarco Elías. _917548 |
|
| 830 | 0 |
_aSEP. Setentas _v; 307 |
|
| 901 | _aBK | ||
| 942 | _cLIBRO | ||
| 949 |
_a080 S4 v.307 _bBC _cLIBRO _d-60114 _eLIBRO _h44448 _i26013 _mD _si |
||
| 999 |
_c20950 _d20950 |
||